000 00910nam a2200253Ia 4500
003 OSt
005 20220925233607.0
006 a|||||r|||| 00| 0
007 ta
008 220923b |||||||| |||| 00| 0 eng d
020 _a9788180520366
_c595
037 _bABPL/AD/13-14/35, 11/03/2014, Anne Books Pvt Ltd
_cGeneral Book
040 _aRTL
_cRTL
_beng
041 _2eng
_aeng
082 _aX:991.2, P4
100 _aSETH Vijay K.
_9145934
245 0 _aEconomics of labour markets
_b Policy regime changes and the process of labour adjustment in the organised industry in India
260 _a New Delhi
_bAne Books
_c2004
300 _axxiv, 243p.
_ccm.
650 _aCommerce
700 _a AGGARWAL Suresh Chand
_9145935
942 _hX:991.2, P4
_cGB
_2CC
999 _c594106
_d594106